000 00805nam a22002057a 4500
005 20260323130100.0
010 _aHIN-131125
020 _a9788119403608
_c450.00
035 _aHN-103471
037 _bDBAD
_aDPL
082 _a345.54
_21
100 _aअंजना प्रकाश
_988731
245 _aभारतीय न्याय संहिता, 2023/
_cअंजना प्रकाश [और] अनुज प्रकाश
250 _a1
260 _aGurgaon
_bLexis nexis
_c2024
270 _a14th floor building no 10, tower-B, DLF cyber city, phase-II
_bGurgaon
_e122002
300 _a228पृ.
_c24सी.मी.(अजिल्द)
700 _aअनुज प्रकाश
_eलेखक
_988732
942 _2ddc
_cEN
_h345.54
_mअंजना
999 _c215742
_d215742